000
00302nam a2200109Ia 4500
008
171211s9999 xx 000 0 und d
245
_a
SAS/Ets 9.1 User's Guide, 4-Volume Set
245
_c
SAS Publishing
260
_c
2004
650
_x
SOFTWARE
856
_u
http://down.ebook777.com/063/1590472446.pdf
999
_c
349326
_d
349326